[Event "Bay Area International"]
[Site "?"]
[Date "2019.01.05"]
[Round "6"]
[White "O'Connor, Derek"]
[Black "Jones, Craig"]
[Result "1-0"]
[WhiteElo "2275"]
[BlackElo "2138"]
[PlyCount "105"]
[EventDate "2019.??.??"]
[SourceVersionDate "2019.01.05"]

1. d4 d5 2. c4 e6 3. Nc3 c5 4. cxd5 cxd4 5. Qxd4 Nc6 6. Qd1 exd5 7. Qxd5 Be6 8.
Qxd8+ Rxd8 9. e3 a6 10. a3 g6 11. b4 Bg7 12. Bb2 Nge7 13. Na4 Bxb2 14. Nxb2 Ne5
15. Nf3 Nxf3+ 16. gxf3 Rc8 17. Kd2 O-O 18. Bd3 Bd5 19. Ke2 Nc6 20. Rac1 Rce8
21. e4 f5 22. Bc4 Bxc4+ 23. Rxc4 Ne5 24. Rd4 Rc8 25. Rhd1 fxe4 26. fxe4 Ng4 27.
Nd3 Nxh2 28. Nc5 Nf3 29. Rd6 a5 30. Rb6 axb4 31. axb4 Ra8 32. Rxb7 Ra2+ 33. Ke3
Ne5 34. Ne6 Ng4+ 35. Kd4 Rfxf2 36. Kc5 Rad2 37. Ra1 Rc2+ 38. Kb6 Ra2 39. Rb8+
Kf7 40. Ng5+ Kf6 41. Nxh7+ Ke5 42. Re8+ Kd4 43. Rd1+ Kc4 44. b5 Rab2 45. Rc8+
Kb4 46. Rd4+ Kb3 47. Rd5 Kb4 48. Ng5 Rf6+ 49. Rc6 Rf8 50. Kc7 Ra2 51. b6 Raa8
52. b7 Rae8 53. Ne6 1-0

[Event "Bay Area International"]
[Site "?"]
[Date "2019.01.05"]
[Round "6"]
[White "Peng, Shunkai"]
[Black "Korley, Kassa"]
[Result "1/2-1/2"]
[WhiteElo "2285"]
[BlackElo "2450"]
[PlyCount "86"]
[EventDate "2019.??.??"]
[SourceVersionDate "2019.01.05"]

1. e4 c6 2. d4 d5 3. Nc3 dxe4 4. Nxe4 Nf6 5. Nxf6+ exf6 6. c3 Bf5 7. Bd3 Qd7 8.
Ne2 Bd6 9. O-O O-O 10. Bf4 Bxd3 11. Qxd3 Re8 12. Rfe1 Na6 13. Bxd6 Qxd6 14.
Rad1 g6 15. Qf3 Qe6 16. d5 cxd5 17. Qxd5 Qb6 18. Qb3 Qc7 19. Nd4 Rad8 20. Qa4
Re5 21. Nf3 Rxe1+ 22. Rxe1 Kg7 23. Nd4 h5 24. h3 Qd6 25. Qb5 Rd7 26. Re3 Nc7
27. Qe2 Nd5 28. Re8 Nc7 29. Re3 a6 30. a4 b5 31. axb5 axb5 32. Rd3 Kg8 33. Rd2
Re7 34. Qd1 Qc5 35. Nc2 Ne6 36. Rd5 Qb6 37. Qe2 Nf4 38. Qxe7 Nxd5 39. Qe8+ Kg7
40. Qe4 Nc7 41. Nd4 Qc5 42. Qb1 f5 43. h4 Kf6 1/2-1/2

[Event "Bay Area International"]
[Site "?"]
[Date "2019.01.05"]
[Round "6"]
[White "Prohaszka, Peter"]
[Black "Shetty, Atulya"]
[Result "1-0"]
[WhiteElo "2613"]
[BlackElo "2401"]
[PlyCount "115"]
[EventDate "2019.??.??"]
[SourceVersionDate "2019.01.05"]

1. Nf3 d5 2. g3 Nf6 3. Bg2 c5 4. O-O Nc6 5. d4 e6 6. c4 dxc4 7. dxc5 Qxd1 8.
Rxd1 Bxc5 9. Nfd2 Na5 10. Na3 Bxa3 11. bxa3 O-O 12. Ne4 Nxe4 13. Bxe4 e5 14.
Bb2 Re8 15. Bc3 Nc6 16. f3 f6 17. Rab1 Nd8 18. Bd5+ Be6 19. Bxb7 Nxb7 20. Rxb7
Reb8 21. Rdb1 Rxb7 22. Rxb7 Rd8 23. Rxa7 Rd1+ 24. Kf2 Rc1 25. Bb4 Rc2 26. g4 g5
27. Rc7 Rxa2 28. Ke3 Ra1 29. h3 Ra2 30. Kf2 Ra1 31. Re7 Bf7 32. Rd7 Be6 33. Rc7
Ra2 34. Ke1 Bd5 35. Rc5 Be6 36. Rc6 Kf7 37. Rc7+ Kg8 38. Ra7 Rb2 39. Kd1 Ra2
40. Bc3 Bf7 41. Ra8+ Kg7 42. a4 Bg6 43. a5 Ra3 44. Bb4 Ra4 45. Rb8 Ra2 46. Rb7+
Bf7 47. Bc3 Ra3 48. Kc2 Kg8 49. Kb2 Rb3+ 50. Rxb3 cxb3 51. a6 Kf8 52. Bb4+ Kg7
53. e4 Be8 54. Kxb3 h5 55. Kc4 Bc6 56. Kc5 Ba8 57. Kd6 hxg4 58. hxg4 1-0

[Event "Bay Area International"]
[Site "?"]
[Date "2019.01.05"]
[Round "6"]
[White "Quesada, Yuniesky"]
[Black "Balakrishnan, Praveen"]
[Result "1/2-1/2"]
[WhiteElo "2642"]
[BlackElo "2418"]
[PlyCount "119"]
[EventDate "2019.??.??"]

1. e4 e5 2. Bc4 Nf6 3. d3 c6 4. Nf3 Be7 5. O-O d6 6. Nbd2 O-O 7. Re1 a5 8. c3
Na6 9. Bb3 Nc5 10. Bc2 Qc7 11. Nf1 Re8 12. Ng3 g6 13. d4 Ne6 14. h3 Bf8 15. Be3
b6 16. a3 Bb7 17. Qd2 Bg7 18. Rad1 Rad8 19. Qc1 exd4 20. cxd4 d5 21. e5 Nd7 22.
Bh6 c5 23. Bxg7 Kxg7 24. Bb1 cxd4 25. Qd2 Ndc5 26. Nxd4 Nxd4 27. Qxd4 Ne6 28.
Qg4 Kh8 29. h4 Qc4 30. Qxc4 dxc4 31. Rd6 Rxd6 32. exd6 Rd8 33. Be4 Nc5 34. Bxb7
Nxb7 35. Ne4 Kg7 36. Kf1 h6 37. g4 f5 38. gxf5 gxf5 39. Ng3 Nxd6 40. Re6 Kf7
41. Rxh6 b5 42. Rh7+ Kf6 43. Ra7 Rh8 44. a4 f4 45. Ne2 Rxh4 46. Kg2 bxa4 47.
Rxa5 Rh7 48. Rd5 Nf5 49. Kf3 Ne7 50. Ra5 Ng6 51. Nc3 Rb7 52. Nxa4 Rb4 53. Nc3
Rxb2 54. Nd5+ Ke6 55. Nxf4+ Nxf4 56. Kxf4 Rxf2+ 57. Ke3 Rf5 58. Rxf5 Kxf5 59.
Kd4 Kg6 60. Kxc4 1/2-1/2

[Event "Bay Area International"]
[Site "?"]
[Date "2019.01.05"]
[Round "6"]
[White "Ramirez, Alejandro"]
[Black "Jacobson, Brandon"]
[Result "1-0"]
[WhiteElo "2567"]
[BlackElo "2404"]
[PlyCount "77"]
[EventDate "2019.??.??"]

1. e4 c5 2. Nf3 Nc6 3. d4 cxd4 4. Nxd4 Nf6 5. Nc3 d6 6. Bg5 e6 7. Qd2 a6 8.
O-O-O Bd7 9. Nb3 b5 10. Bxf6 gxf6 11. f4 Qb6 12. Kb1 b4 13. Ne2 a5 14. Ned4 a4
15. Nc1 Na5 16. Be2 Qc5 17. Rhf1 Rc8 18. Rf3 h5 19. c3 b3 20. axb3 axb3 21.
Ndxb3 Nxb3 22. Nxb3 Qb6 23. Nc1 Bc6 24. Re3 Be7 25. Bf3 Ra8 26. c4 Ra4 27. Qc3
O-O 28. e5 Rfa8 29. exd6 Ra1+ 30. Kc2 Bxd6 31. Rxd6 Ba4+ 32. b3 Qxd6 33. Bxa8
Bxb3+ 34. Qxb3 Rxa8 35. Rg3+ Kf8 36. Nd3 Rb8 37. Qa4 e5 38. fxe5 fxe5 39. Nxe5
1-0

[Event "Bay Area International"]
[Site "?"]
[Date "2019.01.05"]
[Round "6"]
[White "Ringoir, Tanguy"]
[Black "Santarius, Erik"]
[Result "0-1"]
[WhiteElo "2516"]
[BlackElo "2393"]
[PlyCount "130"]
[EventDate "2019.??.??"]
[SourceVersionDate "2019.01.05"]

1. d4 Nf6 2. c4 e6 3. g3 Bb4+ 4. Bd2 Be7 5. Bg2 d5 6. Nf3 O-O 7. O-O c6 8. Qc2
Nbd7 9. Bf4 a5 10. Rd1 b5 11. c5 Ba6 12. Nbd2 Nh5 13. Bd6 Bxd6 14. cxd6 Nb6 15.
e4 Qxd6 16. e5 Qd8 17. Nb3 Nc4 18. Nc5 Bc8 19. b3 Nb6 20. Nd3 g6 21. Qxc6 Bd7
22. Qc1 f5 23. h3 b4 24. g4 Ng7 25. Qh6 Qe7 26. Ng5 Ne8 27. Rac1 Ra7 28. Nc5
Rc7 29. Bf1 Bc8 30. Kg2 Qg7 31. Qxg7+ Nxg7 32. Nd3 Rxc1 33. Rxc1 h6 34. Rc6 Na8
35. Nf3 a4 36. Nc5 axb3 37. axb3 Kf7 38. Bd3 Rd8 39. gxf5 gxf5 40. Ne1 Ne8 41.
Nc2 Nec7 42. Nxb4 Bd7 43. Nxd7 Rxd7 44. Rd6 Ke8 45. Kg3 Rg7+ 46. Kh4 Rg2 47.
Kh5 Kf8 48. Rd8+ Kg7 49. Rd7+ Kf8 50. Na6 Rg7 51. Rd8+ Ke7 52. Rc8 Kd7 53. Rh8
Nxa6 54. Bxa6 Nc7 55. Bc8+ Ke7 56. Bb7 Nb5 57. Kxh6 Rg2 58. Bc6 Nxd4 59. Be8
Nf3 60. b4 Nxe5 61. f4 Nc4 62. Bc6 Nd6 63. Ra8 Rg3 64. h4 Kf6 65. Kh5 Rg7 0-1

[Event "Bay Area International"]
[Site "?"]
[Date "2019.01.05"]
[Round "6"]
[White "Ruiz, Joshua"]
[Black "Taghizadeh, Rayan"]
[Result "0-1"]
[WhiteElo "2459"]
[BlackElo "2298"]
[PlyCount "64"]
[EventDate "2019.??.??"]
[SourceVersionDate "2019.01.05"]

1. e4 c5 2. Nf3 e6 3. d4 cxd4 4. Nxd4 a6 5. c4 Nf6 6. Nc3 Qc7 7. a3 b6 8. Be2
Bb7 9. f3 Nc6 10. Be3 Nxd4 11. Bxd4 Bd6 12. Qb3 Bc5 13. Rd1 O-O 14. Na4 Bxd4
15. Rxd4 b5 16. cxb5 axb5 17. Bxb5 Ba6 18. Bxa6 Rxa6 19. Qe3 e5 20. Rb4 Rxa4
21. Rxa4 Qc2 22. Ra5 Qb1+ 23. Kf2 Qxh1 24. Rxe5 d6 25. Rb5 Qxh2 26. a4 h5 27.
a5 Rc8 28. Qd2 d5 29. exd5 h4 30. d6 Qg3+ 31. Kg1 Re8 32. Kf1 h3 0-1

[Event "Bay Area International"]
[Site "?"]
[Date "2019.01.05"]
[Round "6"]
[White "Sathiaram, Sarvadh"]
[Black "SantAnna, Paulo"]
[Result "1-0"]
[WhiteElo "2046"]
[BlackElo "1871"]
[PlyCount "87"]
[EventDate "2019.??.??"]
[SourceVersionDate "2019.01.05"]

1. e4 c5 2. Nf3 g6 3. d4 cxd4 4. Nxd4 Nc6 5. Be3 Nf6 6. Nc3 Bg7 7. Be2 O-O 8.
Nb3 d6 9. O-O Be6 10. f4 Qc8 11. Qd2 Rd8 12. Nd4 Nxd4 13. Bxd4 Bc4 14. Bxc4
Qxc4 15. Qd3 Qxd3 16. cxd3 e6 17. Rac1 Nd7 18. Be3 a6 19. b3 b5 20. d4 b4 21.
Na4 Nf6 22. e5 Ng4 23. Bf2 dxe5 24. dxe5 f6 25. Bh4 Rd2 26. h3 Ne3 27. Rf2 Rxf2
28. Kxf2 Nd5 29. exf6 Nxf6 30. Bxf6 Bxf6 31. Rc4 a5 32. Re4 Kf7 33. Ke2 Rc8 34.
Rc4 Rxc4 35. bxc4 Ke7 36. Nc5 Bd4 37. Nb3 Bb6 38. c5 a4 39. cxb6 axb3 40. axb3
Kd6 41. Kd3 Kc6 42. Kc4 Kxb6 43. Kxb4 h5 44. h4 1-0

[Event "Bay Area International"]
[Site "?"]
[Date "2019.01.05"]
[Round "6"]
[White "Shankar, Gauri"]
[Black "Kung, Thomas"]
[Result "1-0"]
[WhiteElo "2359"]
[BlackElo "2133"]
[PlyCount "47"]
[EventDate "2019.??.??"]
[SourceVersionDate "2019.01.05"]

1. c4 e5 2. Nc3 Nf6 3. Nf3 Nc6 4. e4 Bc5 5. Nxe5 Nxe5 6. d4 Bb4 7. dxe5 Nxe4 8.
Qf3 Nxc3 9. bxc3 Ba5 10. Ba3 d6 11. exd6 cxd6 12. Be2 O-O 13. O-O Re8 14. Rfd1
Bxc3 15. Rac1 Be5 16. c5 d5 17. Bb5 Qh4 18. g3 Bg4 19. Qxd5 Qh5 20. Bxe8 Bxd1
21. Rxd1 Rxe8 22. Re1 Qf5 23. Bb2 Kh8 24. Rxe5 1-0

[Event "Bay Area International"]
[Site "?"]
[Date "2019.01.05"]
[Round "6"]
[White "Swiercz, Dariusz"]
[Black "Yoo, Christopher"]
[Result "1-0"]
[WhiteElo "2649"]
[BlackElo "2388"]
[PlyCount "81"]
[EventDate "2019.??.??"]

1. e4 e5 2. Bc4 Nf6 3. d3 c6 4. Nf3 d5 5. Bb3 Bb4+ 6. Bd2 Bxd2+ 7. Nbxd2 Nbd7
8. O-O O-O 9. Re1 d4 10. c3 c5 11. Nf1 Rb8 12. Ng3 b5 13. cxd4 cxd4 14. Rc1 g6
15. Qd2 Ne8 16. h4 Bb7 17. h5 Kg7 18. Kh2 Nd6 19. Rh1 Rh8 20. h6+ Kg8 21. Qb4
Qb6 22. Ng5 Rf8 23. Rhf1 a5 24. Qd2 a4 25. Bd5 Nf6 26. f4 Bxd5 27. exd5 Nxd5
28. fxe5 Nf5 29. N5e4 Nfe3 30. Kg1 Nxf1 31. Rxf1 Qd8 32. Qf2 f5 33. exf6 Rf7
34. Qxd4 Qb6 35. Qxb6 Nxb6 36. Ng5 Kf8 37. N3e4 Rd7 38. Ne6+ Ke8 39. f7+ Rxf7
40. Nd6+ Ke7 41. Nxf7 1-0

[Event "Bay Area International"]
[Site "?"]
[Date "2019.01.05"]
[Round "6"]
[White "Stearman, Josiah"]
[Black "Talyansky, Seth"]
[Result "1-0"]
[WhiteElo "2298"]
[BlackElo "2201"]
[PlyCount "57"]
[EventDate "2019.??.??"]
[SourceVersionDate "2019.01.05"]

1. e4 e5 2. Nf3 Nc6 3. Bc4 Bc5 4. O-O Nf6 5. d3 a6 6. c3 Ba7 7. Re1 d6 8. Bb3
h6 9. Nbd2 g5 10. Nf1 g4 11. N3d2 h5 12. Nc4 b5 13. Nce3 h4 14. Nd5 Nh5 15. Be3
Na5 16. d4 c6 17. Nb4 Qf6 18. a4 g3 19. fxg3 hxg3 20. hxg3 Nxb3 21. Qxb3 exd4
22. cxd4 Bxd4 23. Nxc6 Bxb2 24. e5 Bxe5 25. Nxe5 dxe5 26. Qd5 Rb8 27. Bc5 Be6
28. Qc6+ Bd7 29. Qc7 1-0

[Event "Bay Area International"]
[Site "?"]
[Date "2019.01.05"]
[Round "6"]
[White "Wang, Kevin"]
[Black "Banik, Siddharth"]
[Result "0-1"]
[WhiteElo "2450"]
[BlackElo "2276"]
[PlyCount "70"]
[EventDate "2019.??.??"]
[SourceVersionDate "2019.01.05"]

1. c4 Nf6 2. Nc3 c5 3. g3 d5 4. cxd5 Nxd5 5. Bg2 Nc7 6. Nf3 Nc6 7. O-O g6 8. d3
Bg7 9. Be3 b6 10. Qd2 O-O 11. Bh6 Rb8 12. Bxg7 Kxg7 13. h4 Ne6 14. h5 Ncd4 15.
Ne5 f6 16. Ng4 Ng5 17. Nh2 gxh5 18. e3 Nf5 19. e4 Nd4 20. f4 Nf7 21. Nd5 Kh8
22. Qd1 Rg8 23. Qxh5 Rxg3 24. Kh1 Be6 25. Nc3 Rg6 26. Qh4 Rh6 27. Qf2 Qd6 28.
Rae1 Rg8 29. Re3 Rhg6 30. Bh3 Bxh3 31. Rxh3 f5 32. Re1 Nh6 33. Qh4 R8g7 34. Nd5
fxe4 35. dxe4 Ndf5 0-1

[Event "Bay Area International"]
[Site "?"]
[Date "2019.01.05"]
[Round "6"]
[White "Williams, Justus"]
[Black "Ostrovskiy, Aleksandr"]
[Result "1/2-1/2"]
[WhiteElo "2316"]
[BlackElo "2439"]
[PlyCount "59"]
[EventDate "2019.??.??"]
[SourceVersionDate "2019.01.05"]

1. Nf3 d5 2. g3 Bg4 3. Bg2 c6 4. O-O e6 5. d3 Bd6 6. c4 Nf6 7. h3 Bh5 8. cxd5
cxd5 9. g4 Bg6 10. Qb3 Qe7 11. Bg5 Nc6 12. Nc3 h6 13. Bxf6 gxf6 14. e4 dxe4 15.
dxe4 h5 16. Rfd1 hxg4 17. hxg4 Kf8 18. Nb5 Bf4 19. Ne1 Kg7 20. Nd3 Bh2+ 21. Kf1
Rad8 22. f4 Rxd3 23. Qxd3 Qc5 24. Nd4 Bxf4 25. Nxc6 bxc6 26. Qe2 Bh2 27. Qf2
Qb5+ 28. Qe2 Qc5 29. Qf2 Qb5+ 30. Qe2 1/2-1/2

[Event "Bay Area International"]
[Site "?"]
[Date "2019.01.05"]
[Round "6"]
[White "Wheeler, Cameron"]
[Black "Kretchetov, Alexandre"]
[Result "1/2-1/2"]
[WhiteElo "2417"]
[BlackElo "2241"]
[PlyCount "28"]
[EventDate "2019.??.??"]
[SourceVersionDate "2019.01.05"]

1. d4 d5 2. c4 c6 3. Nf3 Nf6 4. e3 a6 5. Bd3 Bg4 6. Nbd2 Nbd7 7. Qc2 e6 8. b3
Bd6 9. Bb2 Qb8 10. h3 Bh5 11. O-O O-O 12. Ng5 h6 13. Nh7 Nxh7 14. Bxh7+ Kh8
1/2-1/2

[Event "Bay Area International"]
[Site "?"]
[Date "2019.01.05"]
[Round "6"]
[White "Wu, Rochelle"]
[Black "Kavutskiy, Konstantin"]
[Result "0-1"]
[WhiteElo "2154"]
[BlackElo "2424"]
[PlyCount "80"]
[EventDate "2019.??.??"]
[SourceVersionDate "2019.01.05"]

1. d4 Nf6 2. c4 g6 3. g3 Bg7 4. Bg2 O-O 5. Nc3 d6 6. Nf3 Nc6 7. O-O e5 8. d5
Nb8 9. e4 a5 10. Ne1 Na6 11. Nd3 Nd7 12. f4 exf4 13. Bxf4 Nb4 14. h3 Nb6 15. a3
Nxd3 16. Qxd3 a4 17. Rac1 Nd7 18. Rc2 Qe7 19. Qd2 Ne5 20. Nb5 Bd7 21. Nd4 c5
22. dxc6 bxc6 23. Bg5 f6 24. Be3 c5 25. Nf3 Nxf3+ 26. Rxf3 Bc6 27. Bf4 Rad8 28.
Rd3 Bxe4 29. Re3 f5 30. Bxe4 fxe4 31. Qd5+ Qf7 32. Qxf7+ Kxf7 33. Rxe4 Rfe8 34.
Ree2 Rxe2 35. Rxe2 Re8 36. Rd2 Bd4+ 37. Kf1 Rb8 38. Ke2 Ke6 39. Be3 Be5 40. g4
Rxb2 0-1

[Event "Bay Area International"]
[Site "?"]
[Date "2019.01.05"]
[Round "6"]
[White "Ynojosa, Felix"]
[Black "Gabuzyan, Hovhannes"]
[Result "0-1"]
[WhiteElo "2368"]
[BlackElo "2605"]
[PlyCount "80"]
[EventDate "2019.??.??"]

1. e4 g6 2. d4 Bg7 3. c3 d6 4. f4 d5 5. e5 h5 6. Nd2 Nh6 7. Ndf3 Bf5 8. Bd3 Nd7
9. Ne2 e6 10. Be3 Bf8 11. h3 c5 12. O-O c4 13. Bxf5 Nxf5 14. Bf2 h4 15. Nh2 Be7
16. Ng4 b5 17. Kh1 Rb8 18. Ng1 b4 19. cxb4 Rxb4 20. b3 cxb3 21. axb3 Qb6 22.
Nf3 Nb8 23. Rb1 Nc6 24. Ne3 Ng3+ 25. Bxg3 hxg3 26. Ng4 Nxd4 27. Nxd4 Qxd4 28.
Qf3 Bh4 29. Rbd1 Qb6 30. Rd3 Kf8 31. Qd1 Kg7 32. Ne3 Re4 33. Nc2 Rc8 34. Nd4 a5
35. Ne2 Re3 36. Rf3 Rxf3 37. Rxf3 a4 38. bxa4 Qb2 39. Rf1 Rc2 40. Nxg3 Bxg3 0-1

[Event "Bay Area International"]
[Site "?"]
[Date "2019.01.05"]
[Round "7"]
[White "Ampie, Mauro"]
[Black "Eswaran, Ashritha"]
[Result "1/2-1/2"]
[WhiteElo "2318"]
[BlackElo "2227"]
[PlyCount "291"]
[EventDate "2019.??.??"]
[SourceVersionDate "2019.01.06"]

1. e4 c5 2. Nc3 Nc6 3. Bb5 Nd4 4. Nf3 e6 5. O-O a6 6. Bd3 Ne7 7. Nxd4 cxd4 8.
Ne2 d5 9. exd5 Nxd5 10. c3 dxc3 11. dxc3 Bd6 12. Qc2 Qc7 13. h3 h6 14. a3 O-O
15. c4 Nf4 16. Nxf4 Bxf4 17. Bxf4 Qxf4 18. Rfd1 e5 19. c5 Be6 20. Be4 Rab8 21.
Rd6 Qg5 22. Kh1 Rfe8 23. Rad1 Kh8 24. Rb6 Qe7 25. Rdd6 Qc7 26. b4 Qc8 27. Qc3
Bf5 28. Qf3 Bxe4 29. Qxe4 f6 30. Kh2 Re7 31. c6 bxc6 32. Rdxc6 Rc7 33. Rxa6
Rxc6 34. Rxc6 Qd7 35. Qc4 Qf5 36. Qc2 e4 37. Qc5 Qf4+ 38. g3 Qf3 39. Rc8+ Rxc8
40. Qxc8+ Kh7 41. Qc5 Qxa3 42. Qf5+ Kh8 43. Qc8+ Kh7 44. Qf5+ Kh8 45. Qxe4 Qb2
46. Kg2 Qb3 47. Qb7 h5 48. h4 g5 49. hxg5 fxg5 50. Qc8+ Kg7 51. Qf5 g4 52. b5
Qc3 53. Qxh5 Qf3+ 54. Kg1 Qe4 55. Qg5+ Kh7 56. Kh2 Qd4 57. Qe3 Qd5 58. b6 Kg6
59. Qf4 Kh5 60. b7 Qxb7 61. Qf5+ Kh6 62. Qxg4 Qb2 63. Kg2 Qb7+ 64. Qf3 Qb2 65.
Qf4+ Kg6 66. g4 Qb7+ 67. Kh2 Qh7+ 68. Kg1 Qh3 69. f3 Kg7 70. Kf2 Qh1 71. Qg5+
Kf8 72. Qf4+ Kg7 73. Qe5+ Kf8 74. Qf5+ Kg7 75. f4 Qh2+ 76. Ke3 Qg1+ 77. Kf3
Qf1+ 78. Ke3 Qg1+ 79. Ke2 Qg2+ 80. Kd3 Qf1+ 81. Kc2 Qe2+ 82. Kb3 Qd1+ 83. Kb4
Qd2+ 84. Kb5 Qe2+ 85. Kb6 Qe3+ 86. Kc6 Qc3+ 87. Kd7 Qd4+ 88. Ke8 Qb6 89. Qd7+
Kh8 90. Kf7 Qb3+ 91. Qe6 Qb7+ 92. Kf6 Qg7+ 93. Kf5 Qh7+ 94. Ke5 Qc7+ 95. Qd6
Qc3+ 96. Kf5 Qc8+ 97. Kg5 Qg8+ 98. Kh4 Qh7+ 99. Kg3 Qb7 100. g5 Qb1 101. Qf8+
Kh7 102. Qh6+ Kg8 103. Qe6+ Kh8 104. Qe5+ Kg8 105. Qd5+ Kg7 106. Qd4+ Kg6 107.
Qe3 Qc2 108. Qe6+ Kg7 109. Qe3 Kg6 110. Qe6+ Kg7 111. Qe3 Kg6 112. Qf3 Qd2 113.
Kg4 Qd7+ 114. f5+ Kg7 115. Qe2 Kf8 116. g6 Qd5 117. Qf3 Qd4+ 118. Kh5 Qf6 119.
Qf4 Kg8 120. Qb8+ Kg7 121. Qc7+ Kf8 122. Qb8+ Kg7 123. Qf4 Kg8 124. Kh6 Qf8+
125. Kg5 Qd8+ 126. f6 Qd5+ 127. Kg4 Qe6+ 128. Kg3 Qxf6 129. Qh6 Qe5+ 130. Kf3
Qf5+ 131. Ke3 Qe5+ 132. Kf3 Qf5+ 133. Ke2 Qe4+ 134. Kd1 Qd3+ 135. Kc1 Qc3+ 136.
Kb1 Qb3+ 137. Ka1 Qa3+ 138. Kb1 Qb3+ 139. Kc1 Qc3+ 140. Kd1 Qd3+ 141. Ke1 Qe4+
142. Kd2 Qd4+ 143. Ke2 Qe4+ 144. Kf2 Qf5+ 145. Ke3 Qe5+ 146. Kf3 1/2-1/2

[Event "Bay Area International"]
[Site "?"]
[Date "2019.01.05"]
[Round "7"]
[White "Anderson, Michael"]
[Black "Sathiaram, Sarvadh"]
[Result "1-0"]
[WhiteElo "1751"]
[BlackElo "2046"]
[PlyCount "57"]
[EventDate "2019.??.??"]
[SourceVersionDate "2019.01.06"]

1. e4 e6 2. d4 d5 3. Nc3 Bb4 4. e5 c5 5. Bd2 Ne7 6. Nb5 Bxd2+ 7. Qxd2 O-O 8. f4
cxd4 9. Nf3 Nbc6 10. Nbxd4 f6 11. O-O-O fxe5 12. fxe5 Ng6 13. Re1 Qb6 14. h4
Ngxe5 15. Rxe5 Nxe5 16. Nxe5 Qd6 17. Ndf3 Bd7 18. Bd3 a6 19. Qg5 Rf6 20. Rh3
Raf8 21. Rg3 Qe7 22. Qh5 h6 23. Ng6 Qf7 24. Nfe5 Rxg6 25. Nxg6 Qf2 26. Nxf8 Be8
27. Qe5 Qg1+ 28. Kd2 Qf2+ 29. Be2 1-0

[Event "Bay Area International"]
[Site "?"]
[Date "2019.01.05"]
[Round "7"]
[White "Banik, Siddharth"]
[Black "Boros, Denes"]
[Result "1-0"]
[WhiteElo "2276"]
[BlackElo "2442"]
[PlyCount "81"]
[EventDate "2019.??.??"]
[SourceVersionDate "2019.01.05"]

1. e4 c5 2. Nf3 d6 3. d4 cxd4 4. Nxd4 Nf6 5. Nc3 Nc6 6. Bg5 e6 7. Qd2 Be7 8. f4
a6 9. O-O-O Nxd4 10. Qxd4 b5 11. e5 dxe5 12. Qxe5 Qb6 13. Be2 h6 14. Bf3 Ra7
15. Bh4 O-O 16. Qe2 Rc7 17. Bf2 Qa5 18. Qe5 Nd7 19. Qh5 Nf6 20. Qe5 Nd7 21. Qh5
Bb4 22. Bd4 Bxc3 23. bxc3 Qa3+ 24. Kd2 b4 25. Be4 f5 26. Qg6 bxc3+ 27. Ke2 Qe7
28. Bf3 e5 29. Bd5+ Kh8 30. fxe5 Nxe5 31. Bxe5 Qxe5+ 32. Kf2 Rd7 33. Rhe1 Qxh2
34. Rd4 Qd6 35. Re8 Qc5 36. Kg3 Bb7 37. Rc4 Qa3 38. Bxb7 Rxb7 39. Rcc8 Rbf7 40.
Qxf7 Qd6+ 41. Kh3 1-0

[Event "Bay Area International"]
[Site "?"]
[Date "2019.01.05"]
[Round "7"]
[White "Betaneli, Alex"]
[Black "Abrahamyan, Tatev"]
[Result "0-1"]
[WhiteElo "2254"]
[BlackElo "2377"]
[PlyCount "72"]
[EventDate "2019.??.??"]
[SourceVersionDate "2019.01.06"]

1. c4 c5 2. g3 Nc6 3. Bg2 g6 4. Nc3 Bg7 5. Nf3 e5 6. d3 Nge7 7. Nd2 O-O 8. h4
h6 9. h5 g5 10. Nde4 d6 11. Bxg5 hxg5 12. h6 Bh8 13. h7+ Kg7 14. Nxg5 f5 15.
Qd2 Rf6 16. O-O-O a6 17. g4 Kf8 18. gxf5 Bxf5 19. Nge4 Rg6 20. Rh6 Rxg2 21.
Rf6+ Bxf6 22. Qh6+ Bg7 23. h8=Q+ Ng8 24. Qh1 Bxh8 25. Qxg2 Bxe4 26. Nxe4 Nd4
27. Ng5 Qe7 28. e3 Bf6 29. Ne4 Ne6 30. Rg1 Bg7 31. Nc3 Nf6 32. Nd5 Nxd5 33.
cxd5 Nc7 34. e4 Kg8 35. Qg6 Rf8 36. Rh1 Rxf2 0-1

[Event "Bay Area International"]
[Site "?"]
[Date "2019.01.05"]
[Round "7"]
[White "Brown, Michael"]
[Black "Bick, Gabriel"]
[Result "1-0"]
[WhiteElo "2524"]
[BlackElo "2381"]
[PlyCount "85"]
[EventDate "2019.??.??"]
[SourceVersionDate "2019.01.05"]

1. d4 d5 2. c4 e6 3. Nc3 Nf6 4. cxd5 exd5 5. Bg5 c6 6. Qc2 Be7 7. e3 Nbd7 8.
Bd3 h6 9. Bh4 Nh5 10. Bxe7 Qxe7 11. O-O-O Nb6 12. Nf3 Bg4 13. Kb1 Nf6 14. Rc1
Nfd7 15. h3 Be6 16. Ka1 O-O-O 17. Na4 Kb8 18. Nc5 Rc8 19. b4 Rc7 20. a4 Nc8 21.
a5 Nd6 22. Ne5 Rhc8 23. g4 f6 24. Ng6 Qe8 25. Nf4 Bg8 26. Rhe1 g5 27. Nh5 Qf7
28. Ng3 Nf8 29. f4 Re8 30. f5 Qe7 31. Qa4 Nd7 32. Re2 Qd8 33. Nh5 Ka8 34. Qc2
Nxc5 35. bxc5 Ne4 36. a6 Qe7 37. axb7+ Rxb7 38. Qa4 Rc7 39. Rb2 Nf2 40. Ba6 Rb8
41. Rxb8+ Kxb8 42. Rb1+ Ka8 43. Qb3 1-0

[Event "Bay Area International"]
[Site "?"]
[Date "2019.01.05"]
[Round "7"]
[White "Chandra, Akshat"]
[Black "Shankar, Gauri"]
[Result "1-0"]
[WhiteElo "2492"]
[BlackElo "2359"]
[PlyCount "83"]
[EventDate "2019.??.??"]
[SourceVersionDate "2019.01.06"]

1. e4 c6 2. d4 d5 3. exd5 cxd5 4. Bd3 Nc6 5. c3 Qc7 6. Ne2 Bg4 7. O-O e6 8. Qe1
Bh5 9. Nf4 Nf6 10. Nxh5 Nxh5 11. g3 Bd6 12. Qe2 Nf6 13. Nd2 O-O 14. Nf3 a6 15.
Bg5 Nd7 16. Rad1 Rfe8 17. Rfe1 b5 18. Qf1 Nf8 19. h4 b4 20. c4 dxc4 21. Bxc4 h6
22. Bd2 Ne7 23. Rc1 Qb7 24. Qe2 Red8 25. h5 a5 26. Bd3 a4 27. Be4 Nd5 28. Ne5
a3 29. b3 Rac8 30. Rc4 Qa6 31. Nxf7 Kxf7 32. Bxd5 exd5 33. Rc7+ Rxc7 34. Qxa6
Nh7 35. Qa5 Nf6 36. Bxb4 Bxb4 37. Qxc7+ Rd7 38. Qc1 Bxe1 39. Qxe1 Rc7 40. Qa5
Rc1+ 41. Kg2 Rc2 42. Qxa3 1-0

[Event "Bay Area International"]
[Site "?"]
[Date "2019.01.05"]
[Round "7"]
[White "Cline, John"]
[Black "Wheeler, Cameron"]
[Result "1/2-1/2"]
[WhiteElo "2272"]
[BlackElo "2417"]
[PlyCount "59"]
[EventDate "2019.??.??"]
[SourceVersionDate "2019.01.05"]

1. e4 e6 2. d4 d5 3. Nc3 Bb4 4. e5 c5 5. a3 Bxc3+ 6. bxc3 Ne7 7. a4 b6 8. Bb5+
Bd7 9. Bd3 Nbc6 10. Nf3 Qc7 11. O-O h6 12. Ba3 Na5 13. dxc5 bxc5 14. Qd2 Bxa4
15. Qe3 Rc8 16. Ba6 Nc4 17. Qe2 Rb8 18. Bxc5 Qxc5 19. Rxa4 O-O 20. Bxc4 dxc4
21. Qxc4 Qxc4 22. Rxc4 Rfc8 23. Rxc8+ Rxc8 24. Ra1 Rxc3 25. Rxa7 Rxc2 26. g3
Nc6 27. Ra8+ Kh7 28. Rf8 Rc5 29. Rxf7 Nxe5 30. Nxe5 1/2-1/2

[Event "Bay Area International"]
[Site "?"]
[Date "2019.01.05"]
[Round "7"]
[White "Colas, Joshua"]
[Black "Nagarajan, Pranav"]
[Result "1/2-1/2"]
[WhiteElo "2309"]
[BlackElo "2206"]
[PlyCount "71"]
[EventDate "2019.??.??"]
[SourceVersionDate "2019.01.05"]

1. Nf3 d5 2. g3 Bg4 3. Bg2 Nd7 4. c4 e6 5. O-O Bxf3 6. Bxf3 Ne5 7. Qb3 Nxf3+ 8.
Qxf3 c6 9. d3 Nf6 10. Nc3 Be7 11. Rb1 O-O 12. cxd5 cxd5 13. e4 dxe4 14. dxe4
Qa5 15. e5 Qxe5 16. Qxb7 Bc5 17. Bf4 Qh5 18. Qg2 Rfd8 19. Ne4 Nxe4 20. Qxe4 Qd5
21. Qxd5 Rxd5 22. b4 Bb6 23. Rfe1 h6 24. a4 g5 25. Bc1 a6 26. Be3 Rb8 27. Bxb6
Rxb6 28. Re4 Rd2 29. h4 Ra2 30. hxg5 hxg5 31. b5 axb5 32. axb5 Ra5 33. Re5 f6
34. Rc5 Kf7 35. Kg2 Ke7 36. Rc7+ 1/2-1/2

[Event "Bay Area International"]
[Site "?"]
[Date "2019.01.05"]
[Round "7"]
[White "Dragun, Kamil"]
[Black "Ramirez, Alejandro"]
[Result "1/2-1/2"]
[WhiteElo "2578"]
[BlackElo "2567"]
[PlyCount "70"]
[EventDate "2019.??.??"]

1. d4 d5 2. c4 c6 3. cxd5 cxd5 4. Bf4 Nc6 5. e3 e6 6. Nc3 Bd6 7. Bxd6 Qxd6 8.
Nf3 Nf6 9. Bd3 O-O 10. O-O Bd7 11. a3 Rac8 12. Rc1 Rfd8 13. b4 a6 14. h3 Be8
15. Qb3 Rc7 16. Rc2 Rdc8 17. Rfc1 Ne7 18. Ne2 Rxc2 19. Rxc2 Rxc2 20. Qxc2 Qc6
21. Qc5 Kf8 22. Ne5 Qxc5 23. bxc5 Nd7 24. Nxd7+ Bxd7 25. Nc3 h6 26. f3 Ke8 27.
Kf2 Kd8 28. e4 Kc7 29. g4 g5 30. e5 b6 31. Bxa6 bxc5 32. dxc5 Ng6 33. a4 Nxe5
34. Ke3 Kc6 35. Kf2 Kc7 1/2-1/2